Quizzes
Events
Quiz Creation
Community
Videos
Private Events
Remove Ads
Sign In
Join for FREE
Feedback
Dark Mode
Quiz Categories
Sports
Geography
Music
Movies
Television
Just For Fun
Miscellaneous
History
Literature
Language
Science
Gaming
Entertainment
Religion
Holiday
For Kids
Quiz Lab
Recent
Popular Today
Quiz Kudos Today
Editor Picks
Curator Picks
Quizzes by...
Day
Popularity
Type
Ratings
Length
Year
Community
Subscriptions
Recent Discussions
Orange Saloon
Badges
Playlists
Quests
Create
Leaderboards
Showdown
Live 5
Trivia Bingo
Activity
Puzzle Library
Sporcle Events
Private Events
Virtual Trivia
Globe League
Become a Host
Pub Owners
SporcleCon
Opinionation
Our Games
Videos
Blog
Mobile Apps
Partnerships
Remove Ads and Go Orange
Feedback
Movies
Disney
Marvel Cinematic Universe
Movie Resume
Movie Titles
Oscar
Actor
Actress
Director
Pixar
Role
Movie Quotes
Movie Characters
Box Office
Nominee
Best Picture
Star Wars
James Bond
Horror Movies
Movies
Disney
Marvel Cinematic Universe
Movie Resume
Movie Titles
Oscar
Actor
Actress
Director
Pixar
Role
Movie Quotes
Movie Characters
Box Office
Nominee
Best Picture
Star Wars
James Bond
Horror Movies
Random Quiz
Search Sporcle
×
Quiz Lab
Quiz Lab
Movies
Film Critics
Type in answers that appear in a list
Type in answers that appear in a list
Classic
Best Score? Go Orange.
Top 10 Films since 2000 by Genre Stats
Can you name the Top 10 Revenue-Producing Films since 2000 in each Genre?
By
StrifeBiscuit
10m
67 Questions
186 Plays
186 Plays
186 Plays
Comments
Comments
Give Quiz Kudos
Give Quiz Kudos
-
- Ratings
hide this ad
Replay
Link that replays current quiz
Next Quiz
Link to next quiz in quiz playlist
You Got
0%
They Got
Avg Score
17%
Avg Friend Score
Upgrade to see
Score Distribution
Jump to the score distribution portion of the page
Score
0/67
Timer
10:00
0
Plays Today
Genre
Name
% Correct
7. Action (2008)
The Dark Knight
72.6%
1. Action/
Adventure (2009)
Avatar
68.3%
5. Animated (2010)
Toy Story 3
66.1%
3. Action (2003)
LotR: Return of the King
57.5%
11. Action (2002)
Lord of the Rings: The Two Towers
55.9%
2. Action (2011)
Deathly Hallows 2
54.8%
8. Action (2001)
Harry Potter and the Sorcerer's Stone
53.8%
10. Action (2007)
Harry Potter and the Order of the Phoenix
53.8%
9. Action (2010)
Harry Potter and the Deathly Hallows 1
52.2%
12. Animated (2006)
Shrek 2
47.3%
13. Animated (2004)
Finding Nemo
41.9%
4. Action (2011)
Transformers:Dark of the Moon
39.2%
6. Action (2004)
Spider Man 2
37.6%
14. Thriller (2010)
Inception
36.6%
30. Animated (2006)
Cars
35.5%
29. Comedy (2009)
The Hangover
30.6%
16. Drama (2009)
Twilight Saga: New Moon
23.1%
18. Drama (2010)
Twilight Saga: Eclipse
23.1%
17. Drama (2011)
Twilight Saga: Breaking Dawn Part 1
22.6%
34. Drama (2008)
Twilight
22%
47. Drama (2007)
The Departed
17.2%
19. Animated (2010)
Ratatouille
15.6%
57. Rom|
Com|
Comedy (2004)
Knocked Up
14.5%
60. Horror (2011)
Paranormal Activity 3
14%
61. Horror (2009)
Paranormal Activity
14%
66. Horror (2010)
Paranormal Activity 2
14%
21. Comedy (2011)
The Hangover Part 2
12.9%
31. Thriller|
Action (2007)
The Bourne Ultimatum
12.9%
35. Thriller|
Drama (2012)
The Hunger Games
12.9%
26. Animated (2010)
How to Train your Dragon
12.4%
49. Comedy (2011)
Bridesmaids
10.8%
55. Horror (2002)
The Ring
10.2%
25. Comedy (2004)
Meet the Fockers
9.1%
45. Comedy (2000)
Meet the Parents
9.1%
Genre
Name
% Correct
44. Rom|
Com (2007)
The Proposal
7%
34. Animated (2010)
Despicable Me
6.5%
36. Rom|
Com (2002)
My Big Fat Greek Wedding
6.5%
23. Comedy (2006)
Night at the Museum
5.9%
15. Thriller (2006)
The DaVinci Code
5.4%
20. Drama (2004)
Passion of the Christ
5.4%
22. Horror|
Drama (2007)
I am Legend
5.4%
43. Drama (2001)
A Beautiful Mind
5.4%
65. Horror (2004)
The Grudge
5.4%
59. Rom|
Com (2007)
The Break Up
4.8%
27. Comedy (2003)
Bruce Almighty
3.8%
28. Comedy (2005)
Charlie and the Chocolate Factory
3.8%
58. Horror (2001)
The Others
3.8%
64. Horror (2009)
The Final Destination
3.8%
33. Thriller (2007)
Signs
3.2%
38. Rom|
Com (2005)
Hitch
3.2%
54. Thriller (2004)
The Village
3.2%
39. Horror (2001)
Hannibal
2.7%
32. Drama (2000)
Cast Away
2.2%
40. Adventure (2002)
How the Grinch Stole Christmas
2.2%
51. Rom|
Com (2003)
Somethings Gotta Give
2.2%
53. Thriller (2011)
Super 8
2.2%
62. Rom|
Com (2006)
50 First Dates
2.2%
67. Rom|
Com (2003)
How to Lose a Guy in 10 Days
2.2%
37. Rom|
Com (2000)
What Women Want
1.6%
46. Comedy (2000)
Austin Powers in Goldmember
1.6%
48. Thriller (2000)
What Lies Beneath
1.1%
63. Horror (2000)
Hollow Man
1.1%
41. Rom|
Com (2009)
Enchanted
1.1%
42. Drama (2001)
The Perfect Storm
0.5%
50. Thriller|
Action (2004)
The Bourne Supremecy
0.5%
52. Drama (2002)
American Gangsta
0.5%
56. Thriller (2005)
Flightplan
0.5%
Quiz Playlist
Details
Report
Send in Message
Add To Playlist
Classic:
Type in answers that appear in a list
Last Updated: Feb 16, 2017
Quiz Scoreboard
CHALLENGE
Sign Up to Join the Scoreboard
Show All
Scores
Hide
Comments
May contain spoilers
Recently Published
Billboard Blitz: Fleetwood Mac
by CooCooCachoo
Music
15s
Presidents Visiting Landmarks
by Hejman
History
7m
An Introduction to Baseball
by treessimontrees
Sports
5m
More to Explore
Quiz From the Vault
Featured Blog Post
Where Did the Easter Bunny Come From?
hide this ad
You Might Also Like...
Tags
Film Critics
genre
Revenue
Today's Top Quizzes in Movies
Browse Movies
hide this ad
Today's Top Quizzes in Film Critics
Browse Film Critics
Top Contributed Quizzes in Movies
1
Pick 5 Posters: Directed by Spielberg
2
7-to-1: Pixar Characters
3
Pick 5 Posters: Lowest-Rated Spielberg
4
Sorting Actors
5
Pick 5 Posters: Directed by Scorsese
6
Sorting Actresses
7
Pick 5 Posters: Star & Director
8
Pick 5 Posters: Women Directed 2020s
9
12 Movies about Fictional 1960s Events
10
Multi-Oscar Nominations, One Movie, One Winner
Explore More
Trending Topics
Marvel
NBA
Anime
Kpop
Crossword
Disney
Harry Potter
Country
Pokémon
The Office
Soccer
WWE
Puzzle
NFL
Song
hide this ad
More By:
StrifeBiscuit
Quiz
Plays
Rating
Category
Featured
Created
Top 10 Films since 2000 by Genre
186
1.00
Movies
May 7, 2012
Go to Creator's Profile
Score Distribution
Quiz Creator Spotlight
StrifeBiscuit
Follow
Send a Message
Quizzes Created
-
Created Quiz Play Count
-
More By This Creator
Popular Quizzes Today
1
Find the US States - No Outlines Minefield
2
Find the Countries of Europe - No Outlines Minefield
3
The Countries of the World
4
Find the US States
5
US States
6
Risky Map Clicking: Biggest States A-Z
7
Popular People in 1961
8
Movies - When Are They Set?
More Movies Quizzes
🎬 Scattered Pictures: 2008 🎬
Quiz Lab
Trending Quizzes
Risky Map Clicking: Least Populous States A-Z
1-10 Letter G Words
1-10 Letter F Words
Risky Map Clicking: Next State Alphabetically
Risky Map Clicking: Biggest States A-Z
Recently Updated
Leaping Animals
pecheneg
Reality TV Shows (A-Z)
bhenderson79
Rickey Henderson's Hall of Fame Teammates
pecheneg
Champions League XIs: Arsenal
pecheneg
Quick Pick: Celebrities in WWE's Hall of Fame
aduchscher
A-Z Keypad Blitz II
pecheneg
Multiple Oscar Actors
pecheneg
Mystery Phrase Blitz: Oscar 'Best Actors'
pecheneg
F. Scott Fitzgerald Novels
LTH
Pick 3 Villains
ddd62291
Trending Topics
NBA
Harry Potter
Kpop
Marvel
Disney
Anime
Crossword
Puzzle
Pokémon
Soccer
Country
Song
NFL
WWE
The Office
Your Account Isn't Verified!
In order to create a playlist on Sporcle, you need to verify the email address you used during registration. Go to your
Sporcle Settings
to finish the process.
Report this User
Report this user for behavior that violates our
Community Guidelines
.
Details:
Send Report
Go to the Sporcle.com Mobile Site →
Comments